00893nam a22002657a 450000500170000001000130001702000220003003500130005203700160006504000120008108200180009324501020011124600060021326000330021927000430025230000200029550000190031565000280033465000210036270000270038370000250041094200270043599900190046295201460048120170124110000.0 aA-472919 c00.00a8185318530 aA-472919 bCen Lib/Ret aDPLbEN a364.1524bRAJ aRajiv Gandhi's assassination :cedited by K.L. Chanchreek [nad] Saroj Prasadbblow to democracy / b  bH.K. Publishersc1991aDelhi b DelhiaA-1/11 Shakti Nagar Extention  a259p.c20cm(Hb) aIncludes index aSocial problems 985325 aBiography 97490 aChachreek, K.L.915455 aPrasad, Saroj 93684 2ddccENh364.1324mRAJ c125773d125773 04104070aLbLd2015-06-23eCen Lib/Retg0.00l0o364.1524 RAJpA-472919r2015-06-23 00:00:00t1v0.00w2015-06-23yENzW/d list no. 6841/3